| 000 | 00395nam a22001577a 4500 | ||
|---|---|---|---|
| 003 | OSt | ||
| 005 | 20210917142555.0 | ||
| 008 | 210917b |||||||| |||| 00| 0 eng d | ||
| 020 | _a0-12-454340-5 | ||
| 040 | _cHawassa University | ||
| 050 | _a595.7/INS | ||
| 082 | _a595.7/INS | ||
| 245 | _aInsect Biology In The FUTURE | ||
| 260 |
_aNew York _bAcadamic Press,Inc. _c1980 |
||
| 942 |
_2ddc _cBOOKS _n0 |
||
| 999 |
_c4797 _d4797 |
||